000 00686nam a22001937a 4500
999 _c185531
_d185531
005 20220203144342.0
010 _aENG-131384
020 _a9789353946760
_c999.00
035 _aEN-114916
037 _bDBAD
082 _a519.5
100 _aHogg, Robert V.
245 _aIntroduction to Mathematical Statistics:
_cRobert V. Hogg, Jospeh W. Mckean, Allen T. Craig
250 _a8th Edition
260 _aUttar Pradesh
_bPearson India Education Services
_c2022
270 _a15th Flooor, Tower-B, World Trade Tower, Plot No. 1, Block-C, Sector-16
_bNoida
_e201301
_mcompanysecretary.india@pearson.com
300 _a760p.
_c25cm(pbk)
942 _2ddc
_cEN
_h517.5
_mHOG